La serpiente se come la cola /

Saved in:
Bibliographic Details
Main Author: Álvarez Araya, Óscar
Format: Unknown
Language:Spanish
Published: San José, Costa Rica : Galan Andromeda, 1983.
Subjects:
Tags: Add Tag
No Tags, Be the first to tag this record!

MARC

LEADER 000000000a22000000004500
001 002728
008 170818b xxu||||| |||| 00| 0 spa d
041 0 |a spa 
082 0 4 |a CR863.4   |b A445s 
100 1 |a Álvarez Araya, Óscar 
245 1 3 |a La serpiente se come la cola /   |c Óscar Álvarez Araya. 
260 1 |a San José, Costa Rica :   |b Galan Andromeda,   |c 1983. 
300 |a 48 páginas 
650 4 |a LITERATURA COSTARRICENSE  |v CUENTO 
942 |c BK  |2 ddc 
999 |c 9087  |d 9087